| 000 | 00822nam a22002057a 4500 | ||
|---|---|---|---|
| 003 | OSt | ||
| 005 | 20251111171430.0 | ||
| 008 | 251111b |||||||| |||| 00| 0 eng d | ||
| 040 | _c0 | ||
| 082 | _aDPer 361.05 J826 March 2018 v. 65 n. 2 | ||
| 100 |
_aAllan, Blake A. _eauthor. _969336 |
||
| 245 |
_aHelping others increases meaningful work: _bEvidence from three experiments. _cBlake A. Allan, Ryan D. Duffy, and Brian Collisson |
||
| 260 |
_aU.S.A ; _bAmerican Psychological Association , _cMarch 2018. |
||
| 300 |
_aVolume 65, pages 155-165 : _billustration ; _c28 cm. |
||
| 500 | _aJournal of Counseling Psychology, vol. 65, no. 2, pages 155-165, March 2018. | ||
| 700 |
_aAllan, Blake A. _eauthor. _969336 |
||
| 700 |
_aDuffy, Ryan D. _941084 _eauthor. |
||
| 700 |
_aCollisson, Brian _eauthor. _969337 |
||
| 942 |
_2ddc _cPER |
||
| 999 |
_c24190 _d24190 |
||